00891nam a22002417a 45000010005000000030006000050050017000110080041000280200018000690400029000870820008001161000032001242450088001562600054002443000054002984900023003525050009003755200149003845210025005335210022005586500038005807000031006189770FISKH20260213112903.0260213b cb ||||| |||| 00| 0 eng d a9781574719215 aFISKHbengcFISKHdFISKH a420 aWilliams , Rozanne Lanczak  aThis is my world /cWritten by Rozanne Lanczak Williams : Illustrated by Drew Rose  aCalifornia : bCreative Teaching Press , c2002 . a8 pages : bcolor illustrations ; c16 X 23 cm .  aSight Word Readers aA  aSimple text and color illustrations follow two explorers as they discover the forest, a mountain, the ocean, the desert, the jungle, and a lake.8 a80 BR bLexile 8 aA bRaz-Plus  aHigh frequency wordsvNon-fiction aRose , Drew eIllustrator